| 000 | 00669nam a2200229 a 4500 | ||
|---|---|---|---|
| 005 | 20210219153155.0 | ||
| 008 | 991125n 000 0 u | ||
| 035 | _aUPN01000081870 | ||
| 100 | _aMitman, Alexis L. | ||
| 222 | _aTHE ELEMENTARY SCHOOL JOURNAL | ||
| 245 | _aImplementing instructional reform at the middle grades : case studies of seventeen California schools | ||
| 300 | _a495-517 | ||
| 362 | _a93, No. 5, 1993 | ||
| 505 | _aOctubre 1993 | ||
| 653 | 0 | _aCAMBIO EDUCATIVO | |
| 653 | 0 | _aDESARROLLO CURRICULAR | |
| 653 | 0 | _aESCUELAS MEDIAS | |
| 653 | 0 | _aROL DEL MAESTRO | |
| 700 | _aLambert, Vicki | ||
| 904 |
_aAC _b019681 |
||
| 905 | _aArticulo | ||
| 999 |
_c70164 _d70164 |
||